| 000 | 02276cam a22004334i 4500 | ||
|---|---|---|---|
| 003 | PE-LiUPU | ||
| 005 | 20250731183338.0 | ||
| 008 | 141019s2012 sp a r 000 0 spa | ||
| 020 | _a9788492536764 | ||
| 035 | _a(Sirsi) i9788492536764 | ||
| 040 |
_aPE-LiUPU _bspa _cPE-LiUPU _erda |
||
| 049 | _aPRUA | ||
| 082 | 0 | 4 |
_a725.2747 _bD1 _220 |
| 245 | 0 | 0 |
_aDecoración de interiores : _bfirmas, casas comerciales y diseño en Asturias, 1880-1990 / _cAna Mª Fernández García (coordinadora). |
| 250 | _aPrimera edición. | ||
| 264 | 1 |
_aOviedo : _bSeptem, _c2012 |
|
| 300 |
_a224 páginas : _bilustraciones ; _c26 centímetros |
||
| 336 |
_atext _2rdacontent |
||
| 337 |
_aunmediated _2rdamedia |
||
| 338 |
_avolume _2rdacarrier |
||
| 505 | 0 | _aCreadores y difusores del gusto en la decoración de interiores de la Asturias finisecular: Industris, talleres y casas comerciales -- Talleres de arte y el diseño de espacios interiores para el culto -- De lo bueno, lo mejor. Casa Viena y el comercio de muebles en asturias -- Una vista a un taller de ebanistería local en el occidente de asturias -- José Antonio Menéndez Hevia: diseñador, arquitecto interiorista y contructor especializado. | |
| 526 | _aP158 | ||
| 526 | _aP146 | ||
| 526 | _aP17 | ||
| 526 | _aP12 | ||
| 526 | _aP06 | ||
| 541 | _g002-00000605; | ||
| 650 | 7 |
_aDecoración interior _zAsturias (Comunidad Autónoma). _2embne |
|
| 700 | 1 |
_aFernández García, Ana María, _d1967-, _ecoordinador. |
|
| 910 | _cbd | ||
| 910 |
_adbm _bncf _cncf _d20181114 |
||
| 942 |
_2ddc _cBOOK |
||
| 949 |
_a725.2747 D1 _wDEWEY _c1 _i70626 _lCCODEBUL1 _mBUL _p49.00 _r0 _sY _tBOOK _u2015-7-6 _xINGENIERIA _PP06 _0COMPRA _o.STAFF. Colección General |
||
| 994 |
_aC0 _bPEPRU |
||
| 596 | _a1 | ||
| 999 |
_a725.2747 D1 _wDEWEY _c6452 _i70626 _f2021-11-10 _g7 _lCCODEBUL1 _mBUL _p49.00 _r0 _sY _tBOOK _u2015-7-6 _xINGENIERIA _PP06 _0COMPRA _o.STAFF. Colección General _d6452 |
||
| 999 |
_a725.2747 D1 _wDEWEY _c2 _i79329 _f2021-11-10 _g4 _lCCODEBUL1 _mBUL _p44.67 _r0 _sY _tBOOK _u2018-11-14 _xINGENIERIA _PP06 _0COMPRA _1FCOMPR2 _o.STAFF. Colección Ingeniería y Arquitectura |
||
| 980 |
_81 _gALBERTO SANCHEZ Responsable de Automatización |
||